000 00338nam a2200133Ia 4500
008 170419s9999 xx 000 0 und d
100 _aCarter, Michael.
245 _aResponse to Meleis's article
245 _cMichael Carter
260 _bElsevier
260 _c2016
300 _aSeptember/November
440 _aNursing Outlook
_v64:5
999 _c329472
_d329472